[Event "Penang op-A 14th"]
[Site "Penang"]
[Date "2022.12.23"]
[Round "8"]
[White "Shatalin, Andrian"]
[Black "Yong, Je Pin Ian"]
[Result "0-1"]
[WhiteElo "1162"]
[BlackElo "1263"]
[PlyCount "69"]
[EventDate "2022.12.19"]
[EventType "swiss"]
[EventRounds "9"]
[EventCountry "MAS"]
[SourceTitle "CBM 211 Extra"]
[Source "ChessBase"]
[SourceDate "2023.01.31"]
[SourceVersion "1"]
[SourceVersionDate "2023.01.31"]
[SourceQuality "1"]

1. Nf3 d5 2. g3 c5 3. Bg2 Nf6 4. d3 g6 5. 0-0 Bg7 6. Nbd2 0-0 7. c4 Nc6 8. cxd5 Nxd5 9. a3 b6 10. Rb1 Bb7 11. Nc4 Rc8 12. Ne3 e6 13. Nxd5 exd5 14. Bf4 Re8 15. Re1 h6 16. Qc2 Qd7 17. b3 d4 18. h3 Ne7 19. Bd2 Nd5 20. Kh2 Re7 21. Ng1 h5 22. h4 Nf6 23. f3 Qd5 24. Bh3 Rce8 25. Bf4 Ng4+ 26. Bxg4 hxg4 27. Qd2 Kh7 28. a4 Qh5 29. Kg2 Rxe2+ 30. Nxe2 gxf3+ 31. Kf2 fxe2 32. Rg1 e1Q+ 33. Rgxe1 Qf3+ 34. Kg1 Qh1+ 35. Kf2 0-1

[Event "Penang op-A 14th"]
[Site "Penang"]
[Date "2022.12.22"]
[Round "6"]
[White "Cahyadi"]
[Black "Yong, Je Pin Ian"]
[Result "1-0"]
[WhiteElo "1558"]
[BlackElo "1263"]
[PlyCount "63"]
[EventDate "2022.12.19"]
[EventType "swiss"]
[EventRounds "9"]
[EventCountry "MAS"]
[SourceTitle "CBM 211 Extra"]
[Source "ChessBase"]
[SourceDate "2023.01.31"]
[SourceVersion "1"]
[SourceVersionDate "2023.01.31"]
[SourceQuality "1"]

1. e4 c5 2. Nf3 d6 3. d4 cxd4 4. Nxd4 Nf6 5. Nc3 a6 6. Bc4 e6 7. Bb3 Be7 8. g4 b6 9. g5 Nfd7 10. Bxe6 0-0 11. Bd5 Ra7 12. Rg1 Bb7 13. Be3 Ne5 14. f4 Bxd5 15. Nxd5 Nc4 16. Qd3 Qc8 17. 0-0-0 Bd8 18. Bf2 b5 19. Nf5 Rd7 20. Qd4 f6 21. gxf6 Qb7 22. Nde7+ Kf7 23. fxg7 Bxe7 24. Nxe7 Rg8 25. Nd5 Ke8 26. Nf6+ Kf7 27. Nxh7 Ke8 28. Nf6+ Kf7 29. Nxg8 Kxg8 30. Qf6 Rxg7 31. Rxg7+ Qxg7 32. Rg1 1-0

[Event "Eastern Asia-ch U12"]
[Site "Tornelo INT"]
[Date "2021.10.30"]
[Round "4"]
[White "Dinh, Nho Kiet"]
[Black "Yong, Je Pin Ian"]
[Result "1-0"]
[WhiteElo "1762"]
[BlackElo "1235"]
[PlyCount "93"]
[EventDate "2021.10.29"]
[EventType "swiss"]
[EventRounds "9"]
[EventCountry "NET"]
[SourceTitle "EXT 2023"]
[Source "ChessBase"]
[SourceDate "2022.10.05"]
[SourceVersion "1"]
[SourceVersionDate "2022.10.05"]
[SourceQuality "1"]

1. d4 Nf6 2. c4 e6 3. Nc3 Bb4 4. e3 0-0 5. Nge2 Re8 6. a3 Bf8 7. e4 d5 8. e5 Ne4 9. cxd5 Nxc3 10. Nxc3 exd5 11. Be3 c6 12. Bd3 f6 13. exf6 Qxf6 14. Bxh7+ Kf7 15. Bd3 Bf5 16. 0-0 Nd7 17. Qh5+ g6 18. Qh7+ Bg7 19. Bxf5 Rh8 20. Qxh8 Rxh8 21. Bxd7 Qd6 22. Bh3 c5 23. dxc5 Qc6 24. Rad1 Rd8 25. Bd4 Bxd4 26. Rxd4 Qxc5 27. Rfd1 Qb6 28. b4 Qa6 29. a4 Kg7 30. g3 Qc6 31. Nxd5 Qxa4 32. Bf1 Qb3 33. Ne3 Rxd4 34. Rxd4 Kh6 35. Bd3 Qc3 36. Rd6 Kg7 37. b5 g5 38. Rd7+ Kf8 39. Bc4 a6 40. b6 Qa1+ 41. Kg2 Qe5 42. Bd5 g4 43. Rxb7 a5 44. Ra7 Qd4 45. Ra8+ Ke7 46. Nf5+ Kd7 47. Nxd4 1-0